Pandemic Challenges to the Indian Church: (Record no. 208335)
[ view plain ]
| 000 -LEADER | |
|---|---|
| fixed length control field | 00751nam a22001937a 4500 |
| 005 - DATE AND TIME OF LATEST TRANSACTION | |
| control field | 20250109170131.0 |
| 010 ## - LCCN (DPL NO) | |
| LC control number | ENG-143295 |
| 020 ## - INTERNATIONAL STANDARD BOOK NUMBER | |
| Terms of availability | 250.00 |
| International Standard Book Number | 9788119664337 |
| 035 ## - SYSTEM CONTROL NUMBER | |
| System control number | EN-126827 |
| 037 ## - SOURCE OF ACQUISITION | |
| Source of stock number/acquisition | DBAD |
| 082 ## - DEWEY DECIMAL CLASSIFICATION NUMBER | |
| Classification number | 261.8324 |
| 245 ## - TITLE STATEMENT | |
| Title | Pandemic Challenges to the Indian Church: |
| Statement of responsibility, etc | Edited By Rajakumar Joseph [and] Joseph Victor Edwin |
| Remainder of title | A Theological Response/ |
| 260 ## - PUBLICATION, DISTRIBUTION, ETC. (IMPRINT) | |
| Name of publisher, distributor, etc | ATC Publishers |
| Place of publication, distribution, etc | Bengaluru |
| Date of publication, distribution, etc | 2024 |
| 270 ## - ADDRESS | |
| Address | St's Mary Block, Archdiocesan,Pastoral Center,#5, Nandidurga Road,Benson Town |
| City | Bengaluru |
| Postal code | 560046 |
| Telephone number | +918025491999 |
| -- | 7090100444 |
| Electronic mail address | info@atcpublishers.com |
| 300 ## - PHYSICAL DESCRIPTION | |
| Extent | 168p. |
| Dimensions | 21cm(pb) |
| 700 ## - ADDED ENTRY--PERSONAL NAME | |
| Personal name | Joseph, Rajakumar |
| 9 (RLIN) | 76305 |
| 700 ## - ADDED ENTRY--PERSONAL NAME | |
| Personal name | Edwin, Joseph Victor |
| 9 (RLIN) | 76306 |
| 942 ## - ADDED ENTRY ELEMENTS (KOHA) | |
| Source of classification or shelving scheme | Dewey Decimal Classification |
| Item type | English Books |
| Classification part | 261.8324 |
| Call number suffix | PAN |
| Withdrawn status | Lost status | Not for loan | Collection code | Home library | Current library | Date acquired | Source of acquisition | Cost, normal purchase price | Full call number | Barcode | Copy number | Cost, replacement price | Koha item type |
|---|---|---|---|---|---|---|---|---|---|---|---|---|---|
| Non-fiction | D.B.Act.Division | D.B.Act.Division | 09/01/2025 | Delivery of Books Act Division | 250.00 | 261.8324 PAN | EN-126827 | 1 | 250.00 | English Books |
